000
00212 a2200097 4500
001
47624
100
_a
Astrup H
245
_a
Night has a thousand eyes
260
_a
London
_b
Macdonald
_c
090
_c
30636
_d
30636
942
_a
NUST-CAE
_c
M
_c
22932
999
_c
282697
_d
282697